000 00508nam a2200181Ia 4500
005 20250326124648.0
008 250326s9999 xx 000 0 und d
037 _aTextbook
040 _aFMSL
_beng
_cFMSL
041 _aeng
_2eng
084 _aX:8(B3) L21
_qFMSL
100 _aDrake A W
_9737737
245 0 _aAnalysis of public system
_cDrake A W; Keeney R L And Others
260 _aLondon
_bLondon, MIT
_c1972
300 _a532p
942 _cTB
_hX:8(B3) L21
999 _c1274626
_d1274626